UBT Library

Shkolla e Pyllit (Record no. 60921)

000 -LEADER
fixed length control field 00295nam a22001337a 4500
008 - FIXED-LENGTH DATA ELEMENTS--GENERAL INFORMATION
fixed length control field 260324b ||||| |||| 00| 0 eng d
020 ## - INTERNATIONAL STANDARD BOOK NUMBER
International Standard Book Number 9789951053495
041 ## - LANGUAGE CODE
Language code of text/sound track or separate title eng
080 ## - UNIVERSAL DECIMAL CLASSIFICATION NUMBER
Universal Decimal Classification number 821.18
100 ## - Rafti
Rafti 25
101 ## - Shkurtesa
Shkurtesa ngjarje
245 ## - TITLE STATEMENT
Title Shkolla e Pyllit
Statement of responsibility, etc Bedri Dedja
942 ## - ADDED ENTRY ELEMENTS (KOHA)
Source of classification or shelving scheme
Item type Books
Holdings
Withdrawn status Lost status Source of classification or shelving scheme Damaged status Not for loan Collection code Permanent location Current location Date acquired Total Checkouts Barcode Date last seen Price effective from Koha item type
          Koleksioni i përgjithshem UBT - Lipjan UBT - Lipjan 03/24/2026   003-800070999348 03/24/2026 03/24/2026 Books
          Koleksioni i përgjithshem UBT - Lipjan UBT - Lipjan 03/24/2026   003-800070999349 03/24/2026 03/24/2026 Books
          Koleksioni i përgjithshem UBT - Lipjan UBT - Lipjan 03/24/2026   003-800070999350 03/24/2026 03/24/2026 Books
          Koleksioni i përgjithshem UBT - Lipjan UBT - Lipjan 03/24/2026   003-800070999351 03/24/2026 03/24/2026 Books
          Koleksioni i përgjithshem UBT - Lipjan UBT - Lipjan 03/24/2026   003-800070999352 03/24/2026 03/24/2026 Books
          Koleksioni i përgjithshem UBT - Lipjan UBT - Lipjan 03/24/2026   003-800070999353 03/24/2026 03/24/2026 Books
UBT Library © 2015-2024. All rights reserved University Education for Business and Technology